Data darbar complex: (Record no. 330828)

000 -LEADER
fixed length control field 00865nam a22002657a 4500
003 - CONTROL NUMBER IDENTIFIER
control field NUST
005 - DATE AND TIME OF LATEST TRANSACTION
control field 20210225145533.0
008 - FIXED-LENGTH DATA ELEMENTS--GENERAL INFORMATION
fixed length control field 170810b xxu||||| |||| 00| 0 eng d
020 ## - INTERNATIONAL STANDARD BOOK NUMBER
International Standard Book Number 9789693520194
020 ## - INTERNATIONAL STANDARD BOOK NUMBER
International Standard Book Number 969352019X
038 ## - RECORD CONTENT LICENSOR
Staff Name Arshad
040 ## - CATALOGING SOURCE
Transcribing agency NUST
082 ## - DEWEY DECIMAL CLASSIFICATION NUMBER
Classification number 297.4
Author Mark SHE
100 ## - MAIN ENTRY--PERSONAL NAME
Personal name Shehzad, Ghafer
9 (RLIN) 3879
245 ## - TITLE STATEMENT
Title Data darbar complex:
Remainder of title Tameer say takmeel tak/
Statement of responsibility, etc. by Ghafer Shehzad
260 ## - PUBLICATION, DISTRIBUTION, ETC.
Place of publication, distribution, etc. Lahore:
Name of publisher, distributor, etc. Sang-e mil publications,
Date of publication, distribution, etc. 2007
300 ## - PHYSICAL DESCRIPTION
Extent 96 p.
Other physical details ill.
504 ## - BIBLIOGRAPHY, ETC. NOTE
Bibliography, etc. note Include bibliography
563 ## - BINDING INFORMATION
Binding note HBK
650 ## - SUBJECT ADDED ENTRY--TOPICAL TERM
Topical term or geographic name entry element History- Architecture
9 (RLIN) 35758
880 ## - ALTERNATE GRAPHIC REPRESENTATION
Linkage 100-01\(3\r
Title غافر شہزاد
880 ## - ALTERNATE GRAPHIC REPRESENTATION
Linkage 245-02\(3\r
Title داتا دربار کمپلیکس:
b تعمیر سے تکمیل تک
c غافر شہزاد
880 ## - ALTERNATE GRAPHIC REPRESENTATION
Linkage 260-03\(3\r
Title لاہور:
b سنگ میل پبلی کیشنز،
c 2007
942 ## - ADDED ENTRY ELEMENTS (KOHA)
Source of classification or shelving scheme
Koha item type Book
Holdings
Withdrawn status Lost status Source of classification or shelving scheme Damaged status Not for loan Permanent Location Current Location Shelving location Date acquired Total Checkouts Total Renewals Full call number Barcode Date last seen Date last checked out Copy number Price effective from Koha item type
          Central Library (CL) Central Library (CL) First Floor - Islam 08/11/2017 1 5 297.4 SHE CL889 02/16/2024 01/12/2024 1 08/11/2017 Book
© 2023 Central Library, National University of Sciences and Technology. All Rights Reserved.